| 000 | 00638nam a22002057a 4500 | ||
|---|---|---|---|
| 999 |
_c20123 _d20123 |
||
| 003 | AR-CdUCM | ||
| 008 | 190527b ||||| |||| 00| 0 spa d | ||
| 040 |
_aMUNICIPALIDAD PROVINCIAL DEL CUSCO _cBIBLIOTECA MUNICIPAL DEL CUSCO |
||
| 082 |
_a556.46 / _bC95 |
||
| 110 |
_aLizaur, L. M _942085 |
||
| 245 | _aCuriosidades geográficas del Mar / | ||
| 260 |
_aBilbao : _bFher, _c1961. |
||
| 300 |
_a36 páginas: _bilustraciones en color ; _c28 cm. |
||
| 650 |
_aGeografía _9318 |
||
| 650 |
_aGeografía infantil _942086 |
||
| 650 |
_aSeñales marítimas _942087 |
||
| 650 |
_aMares y océanos _942088 |
||
| 942 |
_2ddc _cLIBROS |
||
| 945 | _arcc | ||